Enchiridion Controversiarvm Religionis: Qvae Hodiae Inter Avgustanae Confessionis Theologos, et Pontificos habentur

Bibliographic Details
Main Author: Osiander, Lucas, 1534-1604 (Author)
Corporate Author: Gruppenbach, Georg (Tübingen, Nemecko) (Printer)
Format: Book
Language:Latin
PhysicalDescription:317 s., 1 prív.
Published: Tvbingae Georgius Gruppenbachius 1602
Subjects:

MARC

LEADER 00000nam a2200000 a 4500
001 vtls001405352
003 SK-MaSNL
005 20260301161955.0
008 180810s1602 gw 0 lat
015 |a SNBHFA1602 
035 |a SNK000359970 
040 |a SNK  |b slo  |c SNK  |e AACR2 
041 0 |a lat 
044 |a gw  |c DE 
072 7 |a 2-1  |x Prirodzená teológia. Náboženská filozofia  |2 konspekt 
080 |a 2-1  |2 2011 
100 1 |a Osiander, Lucas,  |d 1534-1604  |4 aut  |9 440328 
245 1 0 |a Enchiridion Controversiarvm Religionis:  |b Qvae Hodiae Inter Avgustanae Confessionis Theologos, et Pontificos habentur 
260 |a Tvbingae  |b Georgius Gruppenbachius  |c 1602 
300 |a 317 s., 1 prív. 
546 |a Latinčina 
650 0 7 |a teológia  |2 SNKPH  |9 1814 
710 |a Gruppenbach, Georg (Tübingen, Nemecko),  |d 1571-1608  |4 prt  |9 348641 
752 |a Nemecko  |d Tübingen 
852 |a snk  |p 103007 
958 |a ONDV 
958 |a DC 
999 |c 811539  |d 813469 
952 |t P60, <04>, [BOOK], {604}  |a SNK  |b SNK  |y VYP  |7 0  |p 17A0265114  |o snkIE 6215  |0 0  |1 0  |4 0  |d 2001-01-22  |l 0  |r 2005-01-02 00:00:00  |w 2026-02-24